| 000 | 00498nam a22001577a 4500 | ||
|---|---|---|---|
| 005 | 20260227104308.0 | ||
| 008 | 171226b xxu||||| |||| 00| 0 eng d | ||
| 020 | _a0860375358 | ||
| 040 | _cPK-LaUMT | ||
| 082 |
_aPKAC 297.09176 _bYAS-P |
||
| 100 |
_aYasin Mazhar Siddiqi , Muahammad _99580 |
||
| 245 |
_aThe Prophet Muhammad(P.B.U.H) a role model for Muslim minorities/ _cMuahammad Yasin Mazhar Siddiqi |
||
| 260 |
_aLeicester: _bThe Islamic foundation, _c2006 |
||
| 300 | _a230 p. | ||
| 942 | _cBK | ||
| 999 |
_c101041 _d101041 |
||